Countries by external debt - Statistics

General Stats
  • This quiz has been taken 31 times
  • The average score is 14 of 17
Answer Stats
External Debt (US dollars) % of GDP Country/Region % Correct
1 17,910,859,000,000 114 United States of America
100%
3 5,750,152,000,000 222 France
97%
4 5,546,869,000,000 145 Germany
97%
9 2,305,648,000,000 167 Spain
97%
2 9,591,672,000,000 569 United Kingdom
97%
7 2,651,413,000,000 124 Italy
93%
6 2,861,488,000,000 60 Japan
93%
11 1,680,000,000,000 16.2 China
90%
14 1,395,638,000,000 95 Australia
87%
13 1,491,000,000,000 92 Canada
87%
8 2,526,895,000,000 316 Netherlands
73%
16 1,145,785,000,000 187 Sweden
70%
15 1,286,918,000,000 266 Belgium
67%
17 820,010,000,000 200 Austria
63%
12 1,610,897,000,000 229 Switzerland
60%
5 3,472,282,000,000 3,443 Luxembourg
40%
10 1,766,401,000,000 408 Singapore
40%
No matching quizzes found
Score Distribution
Percent of People with Each Score
Percentile by Number Answered
Your Score History
You have not taken this quiz